[Event "FRA-chT"]
[Site "FRA"]
[Date "1998.05.09"]
[Round "9"]
[White "Van Wely, Loek"]
[Black "Conquest, Stuart"]
[Result "1-0"]
[WhiteElo "2605"]
[BlackElo "2480"]
[PlyCount "169"]
[EventDate "1998.02.06"]
[Source "ChesBase"]
[SourceDate "1998.07.07"]

1. d4 e6 2. c4 Nf6 3. Nf3 d5 4. Nc3 Nbd7 5. cxd5 exd5 6. Bg5 Be7 7. e3 Nf8 8.
Bd3 Ne6 9. Bh4 O-O 10. O-O g6 11. b4 Ng7 12. Qb3 c6 13. b5 Bf5 14. Bxf5 Nxf5
15. Bxf6 Bxf6 16. bxc6 bxc6 17. Na4 Qa5 18. Rfc1 Rab8 19. Qc2 Rfc8 20. Nc5 Rc7
21. Rab1 Rb6 22. Rb3 Nd6 23. Nd2 Be7 24. g3 Rxb3 25. axb3 Rc8 26. Nd3 Nb5 27.
Nf3 Qc7 28. b4 f6 29. Qa2 Kh8 30. Nd2 Qd7 31. Qa6 Rc7 32. Nb3 Bd6 33. Qa2 Qf5
34. Qd2 Rc8 35. Na5 Qd7 36. Qd1 Kg7 37. Qf3 h5 38. h4 a6 39. Kg2 Qe8 40. Nb7
Bf8 41. Ra1 Nc7 42. Ndc5 Qf7 43. Qf4 Qe7 44. Kg1 Kh7 45. Qf3 Qf7 46. Nd3 Kg7
47. Ra4 Ra8 48. Nbc5 Bd6 49. Kg2 Ra7 50. Ra2 Kg8 51. Rc2 Nb5 52. Nb3 Rc7 53.
Na5 Na7 54. Nc5 Bxc5 55. Rxc5 g5 56. Qf5 gxh4 57. gxh4 Kg7 58. Kf3 Qg6 59.
Qxg6+ Kxg6 60. Kf4 Rc8 61. f3 Rc7 62. e4 dxe4 63. fxe4 Rd7 64. Ke3 Rd6 65. Kd3
Re6 66. Rc1 Kf7 67. Nb7 Ke8 68. Rc5 Re7 69. Na5 Rg7 70. Nxc6 Rg3+ 71. Kc4 Nb5
72. Nb8 Re3 73. Nxa6 Nd6+ 74. Kd5 Nxe4 75. Rc8+ Kf7 76. b5 Nc3+ 77. Kc4 Na4 78.
Rc6 Nb2+ 79. Kd5 Rb3 80. b6 Kg6 81. Nc5 Rb4 82. b7 Nc4 83. b8=Q Ne3+ 84. Ke4
Rxb8 85. Kxe3 1-0

[Event "FRA-chT"]
[Site "FRA"]
[Date "1998.05.10"]
[Round "10"]
[White "Benitah, Yohan"]
[Black "Lecuyer, Christian"]
[Result "1/2-1/2"]
[WhiteElo "2345"]
[BlackElo "2265"]
[PlyCount "59"]
[EventDate "1998.02.06"]
[Source "ChesBase"]
[SourceDate "1998.07.07"]

1. d4 Nf6 2. c4 e6 3. Nc3 Bb4 4. e3 b6 5. Nge2 Bb7 6. a3 Bxc3+ 7. Nxc3 d5 8. b4
a5 9. b5 dxc4 10. f3 Nd5 11. Bd2 Qh4+ 12. Ke2 Nd7 13. Qa4 O-O 14. Qxc4 Rac8 15.
g3 Qe7 16. Kf2 c5 17. bxc6 Bxc6 18. Nb5 Bb7 19. Qa2 f5 20. Be2 Kh8 21. Rac1 e5
22. Rxc8 Rxc8 23. Rc1 Rxc1 24. Bxc1 exd4 25. Nxd4 Nc3 26. Qc2 Nxe2 27. Nxf5 Qe6
28. Kxe2 Ne5 29. e4 Nxf3 30. Kxf3 1/2-1/2

[Event "FRA-chT"]
[Site "FRA"]
[Date "1998.05.10"]
[Round "10"]
[White "Blachier, Pierre"]
[Black "Tagnon, Nicole"]
[Result "1-0"]
[WhiteElo "2145"]
[BlackElo "2080"]
[PlyCount "73"]
[EventDate "1998.02.06"]
[Source "ChesBase"]
[SourceDate "1998.07.07"]

1. e4 c5 2. c3 b6 3. d4 Bb7 4. Bd3 Nf6 5. f3 e6 6. Ne2 d6 7. O-O Nbd7 8. Be3
Be7 9. Nd2 O-O 10. Ng3 Re8 11. Rc1 Bf8 12. f4 Rc8 13. Qe2 Rc7 14. e5 Nd5 15.
Nge4 Nxe3 16. Qxe3 cxd4 17. cxd4 Rxc1 18. Rxc1 dxe5 19. fxe5 f5 20. exf6 Nxf6
21. Nxf6+ gxf6 22. Be4 Bxe4 23. Nxe4 f5 24. Nc3 Bg7 25. Rd1 Qd7 26. Qd3 Rd8 27.
Ne2 Qa4 28. a3 Rd5 29. Rd2 Qd7 30. Qc4 b5 31. Qb4 Kh8 32. Kf1 e5 33. a4 a6 34.
h3 exd4 35. Nf4 Bh6 36. Nxd5 Bxd2 37. Qf8# 1-0

[Event "FRA-chT"]
[Site "FRA"]
[Date "1998.05.10"]
[Round "10"]
[White "Boudre, Jean Pierre"]
[Black "Letreguilly, Olivier"]
[Result "1/2-1/2"]
[WhiteElo "2380"]
[BlackElo "2240"]
[PlyCount "129"]
[EventDate "1998.02.06"]
[Source "ChesBase"]
[SourceDate "1998.07.07"]

1. e4 c5 2. Nf3 e6 3. d3 Nc6 4. g3 Nge7 5. Bg2 g6 6. O-O Bg7 7. Re1 d5 8. Qe2
b6 9. Nbd2 Nb4 10. Qd1 Bb7 11. e5 Qc7 12. a3 Nbc6 13. Qe2 h6 14. b4 cxb4 15.
axb4 Nxb4 16. Ba3 a5 17. Rec1 Qc3 18. Qe3 d4 19. Qe2 Bd5 20. Ne4 Bxe4 21. Qxe4
Rd8 22. Qe2 Qc5 23. Bxb4 axb4 24. Nd2 Qxe5 25. Qxe5 Bxe5 26. Nc4 Bd6 27. Nxb6
O-O 28. Nc4 Bc5 29. Ra5 Rc8 30. Rb5 Rc7 31. Ra1 Nf5 32. Ra6 Rd8 33. Be4 Bf8 34.
Bxf5 gxf5 35. Kf1 Rcd7 36. Ke2 h5 37. f4 Kg7 38. Kd2 Rc7 39. Kc1 h4 40. Kb2 Be7
41. Ra1 Kf6 42. g4 fxg4 43. Rg5 g3 44. hxg3 hxg3 45. Rxg3 Rh8 46. f5 b3 47.
fxe6 bxc2 48. Rf3+ Kxe6 49. Ra6+ Kd7 50. Kxc2 Rh2+ 51. Kb3 f6 52. Rb6 Rh1 53.
Rf4 Rb1+ 54. Ka2 Rxb6 55. Nxb6+ Kc6 56. Nc4 Kc5 57. Rf5+ Kc6 58. Kb3 Rb7+ 59.
Kc2 Rd7 60. Ra5 Rc7 61. Rf5 Ra7 62. Na5+ Kd6 63. Nb3 Ra2+ 64. Kb1 Ra4 65. Rf4
1/2-1/2

[Event "FRA-chT"]
[Site "FRA"]
[Date "1998.05.10"]
[Round "10"]
[White "Brossard, Armel"]
[Black "Buchy, Daniel"]
[Result "1-0"]
[WhiteElo "2210"]
[BlackElo "2215"]
[PlyCount "107"]
[EventDate "1998.02.06"]
[Source "ChesBase"]
[SourceDate "1998.07.07"]

1. e4 c5 2. Nc3 Nc6 3. g3 g6 4. Bg2 Bg7 5. d3 d6 6. f4 Nh6 7. Nf3 f5 8. O-O O-O
9. Kh1 Nd4 10. Be3 Ng4 11. Bg1 e5 12. Nxd4 exd4 13. Nd5 fxe4 14. dxe4 Be6 15.
Re1 Qd7 16. Qd2 Rae8 17. c3 Bxd5 18. exd5 dxc3 19. bxc3 b5 20. Rab1 a5 21. a3
Rxe1 22. Rxe1 Re8 23. Re6 Rxe6 24. dxe6 Qe7 25. Qe2 h5 26. h3 Nh6 27. Qxb5 Bxc3
28. Qd3 Qg7 29. e7 Qxe7 30. Qxc3 Nf5 31. Kh2 Qe2 32. Qf6 Kh7 33. Qc3 h4 34.
gxh4 Nxh4 35. Qg3 Nxg2 36. Qxg2 Qd3 37. Qg3 Qe2+ 38. Qg2 Qd3 39. Qg3 Qe2+ 40.
Qf2 Qd3 41. Qe3 Qc2+ 42. Kg3 c4 43. Qe7+ Kh6 44. Qh4+ Kg7 45. Bd4+ Kf8 46. Qf6+
Ke8 47. Qe6+ Kf8 48. Qxd6+ Kf7 49. Qf6+ Ke8 50. Qe6+ Kf8 51. Bc5+ Kg7 52. Qe7+
Kg8 53. Qf8+ Kh7 54. Qf7+ 1-0

[Event "FRA-chT"]
[Site "FRA"]
[Date "1998.05.10"]
[Round "10"]
[White "Chabanon, Jean Luc"]
[Black "Summerscale, Aaron"]
[Result "1/2-1/2"]
[WhiteElo "2465"]
[BlackElo "2440"]
[PlyCount "45"]
[EventDate "1998.02.06"]
[Source "ChesBase"]
[SourceDate "1998.07.07"]

1. d4 d5 2. c4 c6 3. Nf3 Nf6 4. Nc3 dxc4 5. a4 Bf5 6. e3 e6 7. Bxc4 Bb4 8. O-O
O-O 9. Nh4 Nbd7 10. h3 Qa5 11. Ne2 Be7 12. Bd2 Qc7 13. Nxf5 exf5 14. Nc3 Bb4
15. Qf3 Qa5 16. Rfc1 Rae8 17. Bd3 g6 18. Qf4 Nh5 19. Qh6 Ndf6 20. Be2 Kh8 21.
Bxh5 Nxh5 22. g4 Ng7 23. Ra3 1/2-1/2

[Event "FRA-chT"]
[Site "FRA"]
[Date "1998.05.10"]
[Round "10"]
[White "Chaury, Fabien"]
[Black "Solakian, Jerome"]
[Result "0-1"]
[WhiteElo "2225"]
[BlackElo "2225"]
[PlyCount "110"]
[EventDate "1998.02.06"]
[Source "ChesBase"]
[SourceDate "1998.07.07"]

1. d4 Nf6 2. c4 g6 3. Nf3 Bg7 4. Nc3 O-O 5. g3 d6 6. Bg2 c6 7. O-O Qa5 8. Bd2
Nbd7 9. Qc2 Qb6 10. Rfb1 a5 11. h3 e5 12. Be3 exd4 13. Nxd4 Nc5 14. Rd1 Nfd7
15. Nb3 Qb4 16. Nd2 Bxc3 17. bxc3 Qa4 18. Nb3 Qxc4 19. Rxd6 Re8 20. Rad1 a4 21.
Nd2 Qb5 22. c4 Qa5 23. Nf3 Nf8 24. Bh6 a3 25. Ng5 Qb4 26. Rb1 Rxe2 27. Rd8 Ncd7
28. Qd1 Qe7 29. Qd4 f6 30. Bd5+ cxd5 31. Qxd5+ Kh8 32. Nf7+ Kg8 33. Nd6+ Qe6
34. Rxc8 Qxd5 35. cxd5 Rxc8 36. Nxc8 Kf7 37. Nd6+ Ke7 38. Nxb7 Rb2 39. Re1+ Ne5
40. Bxf8+ Kxf8 41. d6 Rxb7 42. Re3 Ra7 43. h4 Kf7 44. h5 gxh5 45. Kg2 Nc4 46.
Rd3 Ke6 47. Kh3 Nxd6 48. Kh4 Ra5 49. f4 Nf5+ 50. Kh3 Ra6 51. Kg2 Ra4 52. Kf3
Nd4+ 53. Ke3 Kd5 54. Rc3 Rc4 55. Rd3 f5 0-1

[Event "FRA-chT"]
[Site "FRA"]
[Date "1998.05.10"]
[Round "10"]
[White "Collas, Didier"]
[Black "Weill, Roland"]
[Result "1-0"]
[WhiteElo "2355"]
[BlackElo "2300"]
[PlyCount "47"]
[EventDate "1998.02.06"]
[Source "ChesBase"]
[SourceDate "1998.07.07"]

1. e4 g6 2. d4 Bg7 3. Nf3 d6 4. Bc4 c6 5. Bb3 Nf6 6. Nbd2 O-O 7. O-O d5 8. e5
Ne8 9. Re1 f6 10. exf6 exf6 11. Ne4 Na6 12. c3 Kh8 13. Ng3 Nac7 14. Bc2 Bg4 15.
h3 Bxf3 16. Qxf3 Nd6 17. Bf4 Qd7 18. Bxd6 Qxd6 19. Nf5 Qd8 20. Re7 Rg8 21. Rae1
Bf8 22. Rf7 Rb8 23. Ne7 Ne8 24. Qh5 1-0

[Event "FRA-chT"]
[Site "FRA"]
[Date "1998.05.10"]
[Round "10"]
[White "Cursoux, Laurent"]
[Black "Samara, Fred"]
[Result "1-0"]
[WhiteElo "2190"]
[BlackElo "2195"]
[PlyCount "79"]
[EventDate "1998.02.06"]
[Source "ChesBase"]
[SourceDate "1998.07.07"]

1. e4 c5 2. c3 d5 3. exd5 Qxd5 4. d4 cxd4 5. cxd4 Nc6 6. Nf3 Bg4 7. Be2 e6 8.
O-O Nf6 9. h3 Bh5 10. Nc3 Qa5 11. Qb3 Qb4 12. Qxb4 Bxb4 13. g4 Bg6 14. Bb5 O-O
15. Bxc6 bxc6 16. Be3 Nd5 17. Nxd5 cxd5 18. Ne5 Bc2 19. Nc6 Bd6 20. Rfc1 Be4
21. f4 Rfc8 22. Rc3 Kf8 23. Rac1 Ke8 24. Bd2 f6 25. b4 Kd7 26. b5 h5 27. g5
fxg5 28. fxg5 Rf8 29. h4 Rf5 30. Ne5+ Rxe5 31. dxe5 Bxe5 32. Rb3 Rf8 33. Be3 d4
34. Rb4 Rf3 35. Bxd4 Rg3+ 36. Kf1 Bf4 37. Bf2 Rh3 38. Rd1+ Rd3 39. Rd4+ Ke7 40.
R4xd3 1-0

[Event "FRA-chT"]
[Site "FRA"]
[Date "1998.05.10"]
[Round "10"]
[White "De Sousa, Jose"]
[Black "Guidarelli, Laurent"]
[Result "1-0"]
[WhiteElo "2230"]
[BlackElo "2225"]
[PlyCount "121"]
[EventDate "1998.02.06"]
[Source "ChesBase"]
[SourceDate "1998.07.07"]

1. e4 c5 2. Nf3 d6 3. d4 cxd4 4. Nxd4 Nf6 5. Nc3 a6 6. Be2 e5 7. Nf3 Be7 8. Bc4
O-O 9. O-O Be6 10. Qe2 b5 11. Bb3 Nc6 12. Rd1 Qb8 13. Bg5 Ra7 14. Bxf6 Bxf6 15.
Nd5 Bxd5 16. Bxd5 Nd8 17. c3 Ne6 18. g3 Nc5 19. Rd2 a5 20. b4 Na4 21. Rc1 Rc8
22. Rdc2 Bd8 23. Kg2 h6 24. h4 Rac7 25. Qd3 axb4 26. cxb4 Rxc2 27. Rxc2 Rxc2
28. Qxc2 Qc7 29. Qd3 Qb6 30. Nd2 Kf8 31. Nf1 Nb2 32. Qe2 Qd4 33. Qxb5 Nd1 34.
Qe2 Bb6 35. Ne3 Nxe3+ 36. Qxe3 Qxe3 37. fxe3 Bxe3 38. a4 Ke7 39. a5 Kd7 40. Kf3
Bg1 41. Bxf7 Kc6 42. Be8+ Kb7 43. b5 Bc5 44. Bc6+ Ka7 45. h5 Bb4 46. a6 Be1 47.
g4 Bd2 48. Ke2 Bg5 49. Kd3 Kb6 50. Kc4 Be3 51. Kd5 Kc7 52. Ke6 Bd4 53. Kf7 Kb6
54. Kxg7 Be3 55. Kf7 Bd4 56. Ke6 Kc7 57. g5 hxg5 58. h6 g4 59. h7 g3 60. h8=Q
g2 61. Qg7+ 1-0

[Event "FRA-chT"]
[Site "FRA"]
[Date "1998.05.10"]
[Round "10"]
[White "Dieu, Bruno"]
[Black "Marcelin, Cyril"]
[Result "1/2-1/2"]
[WhiteElo "2275"]
[BlackElo "2375"]
[PlyCount "47"]
[EventDate "1998.02.06"]
[Source "ChesBase"]
[SourceDate "1998.07.07"]

1. d4 f5 2. g3 Nf6 3. Bg2 g6 4. Nf3 Bg7 5. O-O O-O 6. Nbd2 d6 7. Re1 Nc6 8. e4
fxe4 9. Nxe4 Nxe4 10. Rxe4 Bf5 11. Re1 Qd7 12. c3 Kh8 13. d5 Ne5 14. Nxe5 Bxe5
15. Be3 Bf6 16. Bd4 b6 17. Re3 Rae8 18. Qd2 e5 19. dxe6 Rxe6 20. Rae1 Rxe3 21.
Rxe3 Qg7 22. Bxf6 Qxf6 23. Bd5 Bd7 24. Rf3 1/2-1/2

[Event "FRA-chT"]
[Site "FRA"]
[Date "1998.05.10"]
[Round "10"]
[White "Eliet, Nicolas"]
[Black "Riff, Sebastien"]
[Result "1/2-1/2"]
[WhiteElo "2355"]
[BlackElo "2235"]
[PlyCount "87"]
[EventDate "1998.02.06"]
[Source "ChesBase"]
[SourceDate "1998.07.07"]

1. d4 Nf6 2. Nf3 g6 3. c4 Bg7 4. Nc3 O-O 5. e4 d6 6. h3 e5 7. d5 Nbd7 8. Bg5 a5
9. Bd3 Nc5 10. Bc2 h6 11. Be3 Nh5 12. g3 Qe7 13. Qd2 Kh7 14. O-O-O Bd7 15. Nh4
a4 16. a3 Rfb8 17. Ng2 Qe8 18. Bxc5 dxc5 19. d6 cxd6 20. Qxd6 Be6 21. Ne3 Rc8
22. Qd3 Rd8 23. Ned5 Nf6 24. Nb5 Bxd5 25. exd5 e4 26. Qe2 Qe5 27. f4 Qe7 28. d6
Qd7 29. g4 Ra6 30. Rd2 Ne8 31. Rhd1 Bf8 32. Bxe4 Nxd6 33. Rd5 Qe7 34. Qc2 Nxb5
35. cxb5 Rxd5 36. Bxd5 Rd6 37. Kb1 b6 38. Qxa4 Bg7 39. Qc4 Qe3 40. Rd3 Qe2 41.
Qc2 Qf1+ 42. Ka2 Qxf4 43. Qb3 Qe5 44. a4 1/2-1/2

[Event "FRA-chT"]
[Site "FRA"]
[Date "1998.05.10"]
[Round "10"]
[White "Flear, Glenn C"]
[Black "Hebden, Mark"]
[Result "0-1"]
[WhiteElo "2445"]
[BlackElo "2585"]
[PlyCount "94"]
[EventDate "1998.02.06"]
[Source "ChesBase"]
[SourceDate "1998.07.07"]

1. d4 Nf6 2. c4 g6 3. Nc3 Bg7 4. e4 d6 5. Bd3 O-O 6. Nge2 Nc6 7. O-O Nh5 8. Bc2
e5 9. d5 Ne7 10. Kh1 a6 11. Rb1 Kh8 12. b4 f5 13. exf5 gxf5 14. f4 Ng6 15. fxe5
dxe5 16. c5 f4 17. Ne4 Bg4 18. Nf2 Bd7 19. Be4 Nf6 20. Nc3 Nxe4 21. Nfxe4 Nh4
22. a4 Qe8 23. b5 axb5 24. axb5 Qg6 25. Rf2 Bf5 26. Rb4 Ra1 27. Ra4 Bg4 28. Qc2
Rxa4 29. Qxa4 Nf5 30. Qa7 Ne3 31. Kg1 Bf3 32. Bxe3 fxe3 33. Rxf3 Rxf3 34. Qxb7
Rf8 35. d6 cxd6 36. cxd6 Qf5 37. h4 e2 38. Nxe2 Qf1+ 39. Kh2 Qxe2 40. d7 Qg4
41. g3 Qe2+ 42. Kh3 Qd1 43. Qc6 h5 44. Kg2 Qe2+ 45. Kh3 Rd8 46. Nc5 e4 47. Qc8
Qg4+ 0-1

[Event "FRA-chT"]
[Site "FRA"]
[Date "1998.05.10"]
[Round "10"]
[White "Flouzat, Jean Marc"]
[Black "Salus, Stephane"]
[Result "1/2-1/2"]
[WhiteElo "2225"]
[BlackElo "2200"]
[PlyCount "133"]
[EventDate "1998.02.06"]
[Source "ChesBase"]
[SourceDate "1998.07.07"]

1. d4 Nf6 2. Nf3 c5 3. c3 cxd4 4. cxd4 d5 5. Nc3 Nc6 6. Bf4 e6 7. e3 Bd6 8. Bg3
O-O 9. Bd3 b6 10. Ne5 Bb7 11. Nxc6 Bxc6 12. Rc1 Qd7 13. Bxd6 Qxd6 14. O-O Qc7
15. Qe2 Rfc8 16. Rc2 Ne8 17. Rfc1 Nd6 18. b3 h6 19. a4 Bb7 20. f3 Qe7 21. Nb5
Nxb5 22. axb5 Qa3 23. Rxc8+ Rxc8 24. Rxc8+ Bxc8 25. Qc2 Bd7 26. Qc7 Be8 27. Qc3
Kf8 28. f4 Ke7 29. h3 Bd7 30. Kh2 Qa5 31. b4 Qa4 32. Be2 Kd6 33. Bf3 f5 34. g4
Qxb5 35. gxf5 exf5 36. Qa3 Qa4 37. Qc3 a6 38. Qe1 Qa3 39. Bg2 Qd3 40. Qg3 Qd2
41. Qxg7 Qxe3 42. Qxh6+ Be6 43. Qf8+ Kd7 44. Qg7+ Kc6 45. Qf6 Qxf4+ 46. Kh1 Qd6
47. Bf1 a5 48. bxa5 bxa5 49. Qh8 Kb7 50. Bb5 Qg3 51. Qh6 Qf3+ 52. Kh2 Qe4 53.
Qc1 Kb8 54. Qc6 Qf4+ 55. Kh1 Qf3+ 56. Kh2 Qf2+ 57. Kh1 Qe1+ 58. Kg2 Qd2+ 59.
Kh1 Qe1+ 60. Kg2 Qe4+ 61. Kh2 Qf4+ 62. Kg2 Qd2+ 63. Kh1 Bc8 64. Qb6+ Bb7 65.
Qd6+ Ka8 66. Qf8+ Ka7 67. Qc5+ 1/2-1/2

[Event "FRA-chT"]
[Site "FRA"]
[Date "1998.05.10"]
[Round "10"]
[White "Fontaine, Robert"]
[Black "Tirard, Hugo"]
[Result "1-0"]
[WhiteElo "2365"]
[BlackElo "2380"]
[PlyCount "69"]
[EventDate "1998.02.06"]
[Source "ChesBase"]
[SourceDate "1998.07.07"]

1. e4 c5 2. Nf3 Nc6 3. d4 cxd4 4. Nxd4 Nf6 5. Nc3 e5 6. Ndb5 d6 7. Bg5 a6 8.
Na3 b5 9. Bxf6 gxf6 10. Nd5 Bg7 11. Bd3 Ne7 12. Nxe7 Qxe7 13. O-O O-O 14. c4 f5
15. Qf3 bxc4 16. Nxc4 d5 17. exd5 e4 18. Qe3 Rd8 19. Rfd1 Qf6 20. Bf1 Bb7 21.
Qb6 Qxb6 22. Nxb6 Rab8 23. d6 Bxb2 24. Rab1 Ba3 25. Nc4 Bc5 26. d7 Be7 27. Nd6
Bc6 28. Rxb8 Rxb8 29. Nxf5 Bd8 30. Bxa6 Ba4 31. Rd4 Rb1+ 32. Bf1 Bb5 33. Ne3
Bd3 34. g3 Ra1 35. Kg2 1-0

[Event "FRA-chT"]
[Site "FRA"]
[Date "1998.05.10"]
[Round "10"]
[White "Fressinet, Laurent"]
[Black "Solozhenkin, Evgeniy"]
[Result "1/2-1/2"]
[WhiteElo "2450"]
[BlackElo "2500"]
[PlyCount "85"]
[EventDate "1998.02.06"]
[Source "ChesBase"]
[SourceDate "1998.07.07"]

1. e4 e5 2. Nf3 Nc6 3. Bb5 a6 4. Bxc6 dxc6 5. O-O Bg4 6. h3 h5 7. d3 Qf6 8.
Nbd2 Ne7 9. Re1 Ng6 10. d4 Bd6 11. hxg4 hxg4 12. Nh2 Rxh2 13. Qxg4 Qh4 14. Qxh4
Rxh4 15. Nf3 Rh5 16. dxe5 Nxe5 17. Nxe5 Bxe5 18. c3 g5 19. Be3 g4 20. Kf1 O-O-O
21. Ke2 Rh2 22. Rg1 b6 23. Rad1 Re8 24. Rd2 c5 25. f4 gxf3+ 26. Kxf3 Re6 27.
Bg5 Rg6 28. g3 Rh8 29. Bf4 Bxf4 30. Kxf4 Rf6+ 31. Ke3 Re8 32. Re2 Kd7 33. g4
Ke6 34. Rh2 Rg6 35. Rh5 Rd8 36. Rf5 c4 37. Rg2 Rd1 38. g5 Re1+ 39. Kf4 Rf1+ 40.
Kg4 Re1 41. Kf4 Rf1+ 42. Kg4 Re1 43. Kf4 1/2-1/2

[Event "FRA-chT"]
[Site "FRA"]
[Date "1998.05.10"]
[Round "10"]
[White "Gachon, Lionel"]
[Black "Kosten, Anthony C"]
[Result "0-1"]
[WhiteElo "2315"]
[BlackElo "2535"]
[PlyCount "72"]
[EventDate "1998.02.06"]
[Source "ChesBase"]
[SourceDate "1998.07.07"]

1. e4 c5 2. Nf3 Nc6 3. d4 cxd4 4. Nxd4 Nf6 5. Nc3 d6 6. Bc4 Qb6 7. Nb3 e6 8.
O-O Be7 9. Bd3 O-O 10. Be3 Qc7 11. f4 a6 12. g4 Re8 13. g5 Nd7 14. Qh5 g6 15.
Qh4 Bf8 16. Rf3 Bg7 17. Raf1 f5 18. exf5 gxf5 19. Qh5 Qd8 20. Ne2 Nf8 21. a3
Bd7 22. Rh3 Rc8 23. Rd1 Qe7 24. Ng3 b5 25. c3 Rc7 26. Ne4 fxe4 27. Bxe4 Bh8 28.
Rxd6 Qf7 29. Qf3 Ne7 30. Bb6 Rc4 31. Nd2 Rxe4 32. Qxe4 Nf5 33. Rdd3 Ng6 34. Nf3
e5 35. Qb7 Nxf4 36. Qxd7 Nxh3+ 0-1

[Event "FRA-chT"]
[Site "FRA"]
[Date "1998.05.10"]
[Round "10"]
[White "Giacomini, Hector"]
[Black "Komarov, Dimitri"]
[Result "1/2-1/2"]
[WhiteElo "2305"]
[BlackElo "2580"]
[PlyCount "102"]
[EventDate "1998.02.06"]
[Source "ChesBase"]
[SourceDate "1998.07.07"]

1. d4 Nf6 2. c4 e6 3. Nf3 b6 4. e3 Bb7 5. Bd3 d5 6. b3 Bb4+ 7. Nbd2 c5 8. Bb2
cxd4 9. exd4 Nc6 10. O-O O-O 11. Qe2 Rc8 12. Rfd1 Qe7 13. a3 Bxd2 14. Nxd2 Rfd8
15. Qe3 Ba6 16. Rac1 h6 17. h3 Qb7 18. f4 Na5 19. c5 Bxd3 20. Qxd3 Ne4 21. Bc3
Nc6 22. b4 Ne7 23. Re1 f5 24. Nf3 Ng6 25. Bd2 Qb8 26. Ne5 Nxe5 27. fxe5 Qb7 28.
Be3 Rf8 29. Rf1 Rc7 30. cxb6 axb6 31. Rxc7 Qxc7 32. Rc1 Qd7 33. Qa6 f4 34. Bf2
f3 35. g3 Qe7 36. h4 Qf7 37. Rc8 Rxc8 38. Qxc8+ Kh7 39. Qc2 b5 40. a4 bxa4 41.
Qxa4 Qf5 42. Qd1 Nc3 43. Qf1 Qc2 44. b5 Ne2+ 45. Kh2 Qb2 46. Qd1 Qxb5 47. Qc2+
Kg8 48. Qc8+ Kf7 49. Qc7+ Kf8 50. Qd6+ Kf7 51. Qc7+ Kg6 1/2-1/2

[Event "FRA-chT"]
[Site "FRA"]
[Date "1998.05.10"]
[Round "10"]
[White "Giffard, Nicolas"]
[Black "Varlet, Nicolas"]
[Result "1-0"]
[WhiteElo "2395"]
[BlackElo "2230"]
[PlyCount "77"]
[EventDate "1998.02.06"]
[Source "ChesBase"]
[SourceDate "1998.07.07"]

1. Nf3 Nf6 2. g3 g6 3. b4 Bg7 4. Bb2 d5 5. Na3 O-O 6. Bg2 b6 7. c4 Bb7 8. O-O
Nbd7 9. Nd4 c5 10. Ndc2 Qc8 11. cxd5 Bxd5 12. Bxd5 Nxd5 13. Bxg7 Kxg7 14. Qb1
cxb4 15. Nxb4 Nxb4 16. Qxb4 Qc5 17. Qb2+ Qe5 18. d4 Qe4 19. Nc4 Rac8 20. Rac1
h5 21. h4 Nf6 22. Ne5 Rfd8 23. Nf3 Qd5 24. Rc2 Rxc2 25. Qxc2 Qe4 26. Qxe4 Nxe4
27. Rc1 Rd7 28. e3 Rb7 29. Rc6 b5 30. Ra6 f6 31. Kg2 Kf7 32. Ne1 Rc7 33. Kf3 f5
34. Nd3 Nd6 35. Nc5 Nc8 36. Ra5 Nd6 37. Kf4 Kf6 38. f3 Rc8 39. e4 1-0

[Event "FRA-chT"]
[Site "FRA"]
[Date "1998.05.10"]
[Round "10"]
[White "Goldgewicht, Lionel"]
[Black "Conquest, Stuart"]
[Result "0-1"]
[WhiteElo "2365"]
[BlackElo "2480"]
[PlyCount "80"]
[EventDate "1998.02.06"]
[Source "ChesBase"]
[SourceDate "1998.07.07"]

1. e4 e5 2. Nf3 d6 3. d4 exd4 4. Nxd4 Nf6 5. Nc3 Be7 6. Be2 O-O 7. O-O c6 8.
Be3 Re8 9. f4 Bf8 10. Bf3 Nxe4 11. Nxe4 d5 12. Qd3 Qe7 13. Nd6 Qxd6 14. Rae1
Na6 15. Nb3 Qg6 16. Qd2 Bg4 17. Bxg4 Qxg4 18. Bd4 c5 19. Be5 Qd7 20. f5 f6 21.
Bg3 Rxe1 22. Bxe1 Nb4 23. c3 Nc6 24. Bf2 b6 25. Rd1 Rd8 26. Qc2 Bd6 27. Qd3 Ne7
28. c4 Qc8 29. Nd2 Be5 30. Nf3 Bc7 31. cxd5 Rxd5 32. Qe4 Qxf5 33. Re1 Kf8 34.
b4 Bd6 35. bxc5 Bxc5 36. Bxc5 Rxc5 37. Qa4 Ra5 38. Qb3 Qd5 39. Qe3 Qd7 40. Nd4
Re5 0-1

[Event "FRA-chT"]
[Site "FRA"]
[Date "1998.05.10"]
[Round "10"]
[White "Guadalpi, David"]
[Black "Marchand, Francois"]
[Result "1/2-1/2"]
[WhiteElo "2260"]
[BlackElo "2305"]
[PlyCount "30"]
[EventDate "1998.02.06"]
[Source "ChesBase"]
[SourceDate "1998.07.07"]

1. e4 c6 2. d4 d5 3. e5 Bf5 4. Nf3 e6 5. Be2 c5 6. O-O Nc6 7. c3 Qb6 8. Qa4
cxd4 9. cxd4 Nge7 10. Nc3 Bg4 11. Be3 Nf5 12. Kh1 Be7 13. Rfd1 O-O 14. Rab1
Rfc8 15. h3 Nxe3 1/2-1/2

[Event "FRA-chT"]
[Site "FRA"]
[Date "1998.05.10"]
[Round "10"]
[White "Gueneau, Christophe"]
[Black "Szabolcsi, Janos"]
[Result "0-1"]
[WhiteElo "2175"]
[BlackElo "2390"]
[PlyCount "64"]
[EventDate "1998.02.06"]
[Source "ChesBase"]
[SourceDate "1998.07.07"]

1. f4 e5 2. e4 d5 3. exd5 exf4 4. Nf3 Nf6 5. Bc4 Nxd5 6. O-O Be6 7. Bxd5 Bxd5
8. Re1+ Be7 9. Nc3 O-O 10. d3 g5 11. Bd2 Nc6 12. Nxd5 Qxd5 13. h4 h6 14. hxg5
hxg5 15. Bc3 f6 16. Nh2 Kg7 17. Qg4 Bc5+ 18. Kf1 Rh8 19. Nf3 Rh1+ 20. Ke2 Re8+
21. Kd2 Be3+ 22. Rxe3 fxe3+ 23. Ke2 Rh6 24. Rf1 Kh7 25. Bxf6 Rxf6 26. Nxg5+
Qxg5 27. Qxg5 Nd4+ 28. Ke1 Rxf1+ 29. Kxf1 e2+ 30. Ke1 Nxc2+ 31. Kd2 e1=Q+ 32.
Kxc2 Qe2+ 0-1

[Event "FRA-chT"]
[Site "FRA"]
[Date "1998.05.10"]
[Round "10"]
[White "Hagege, Gerard"]
[Black "Simon, Frederic"]
[Result "1-0"]
[WhiteElo "2205"]
[BlackElo "2055"]
[PlyCount "76"]
[EventDate "1998.02.06"]
[Source "ChesBase"]
[SourceDate "1998.07.07"]

1. d4 d5 2. Nf3 Nf6 3. e3 c6 4. Nbd2 Bf5 5. Bd3 Bxd3 6. cxd3 g6 7. O-O Bg7 8.
a4 Na6 9. Nb3 Nd7 10. Bd2 O-O 11. Na5 Qc7 12. b4 Rac8 13. b5 Nab8 14. Rc1 e5
15. dxe5 Nxe5 16. Nxe5 Bxe5 17. h3 c5 18. d4 Bh2+ 19. Kh1 b6 20. Nb3 c4 21. f4
Bg3 22. Na1 Bh4 23. Qf3 Qd7 24. Nc2 Be7 25. Bc3 f5 26. g4 Qe6 27. gxf5 Rxf5 28.
Ra1 Nd7 29. a5 Nf6 30. axb6 axb6 31. Bb4 Ne4 32. Rg1 Ng5 33. Qg2 Nxh3 34. Qxh3
Kh8 35. Qf3 Rcf8 36. Ra7 Rh5+ 37. Kg2 Qf5 38. Ra2 g5 1-0

[Event "FRA-chT"]
[Site "FRA"]
[Date "1998.05.10"]
[Round "10"]
[White "Koch, Jean Rene"]
[Black "Touzane, Olivier"]
[Result "1/2-1/2"]
[WhiteElo "2490"]
[BlackElo "2350"]
[PlyCount "91"]
[EventDate "1998.02.06"]
[Source "ChesBase"]
[SourceDate "1998.07.07"]

1. e4 c5 2. Nf3 d6 3. d3 Nc6 4. g3 g6 5. Bg2 Bg7 6. O-O e5 7. c3 Nge7 8. a3 O-O
9. b4 h6 10. Nbd2 Be6 11. Rb1 b6 12. Re1 Rc8 13. Nf1 Qd7 14. b5 Na5 15. c4 f5
16. exf5 Bxf5 17. Ne3 Bh3 18. Bxh3 Qxh3 19. Qe2 Rf7 20. Nd2 Rcf8 21. Ne4 Nb7
22. Qg4 Qxg4 23. Nxg4 Nf5 24. Ne3 Nd4 25. Kg2 Nf3 26. Re2 Kh7 27. Nd5 Nd4 28.
Ra2 Nf3 29. Be3 g5 30. h3 Kg6 31. a4 Rd8 32. Bd2 Nxd2 33. Rxd2 h5 34. f3 Bf8
35. Rf2 Be7 36. Nd2 Rdf8 37. Nb3 Bd8 38. Rbf1 h4 39. g4 Bc7 40. a5 bxa5 41. Ra2
Bd8 42. Nd2 Bb6 43. Nb3 Bd8 44. Ne3 Rd7 45. Kf2 Bb6 46. Nd5 1/2-1/2

[Event "FRA-chT"]
[Site "FRA"]
[Date "1998.05.10"]
[Round "10"]
[White "Kovarcik, Guillaume"]
[Black "Maze, Sebastien"]
[Result "0-1"]
[WhiteElo "2090"]
[BlackElo "2175"]
[PlyCount "80"]
[EventDate "1998.02.06"]
[Source "ChesBase"]
[SourceDate "1998.07.07"]

1. Nc3 c5 2. e4 Nc6 3. g3 g6 4. Bg2 Bg7 5. d3 Rb8 6. f4 d6 7. Nf3 e6 8. O-O
Nge7 9. Be3 O-O 10. Qd2 b5 11. Rab1 b4 12. Ne2 Qb6 13. g4 f5 14. h3 Rd8 15. Ng3
Nd4 16. Nxd4 cxd4 17. Bf2 Rf8 18. Rbe1 fxg4 19. hxg4 Bh6 20. g5 Bg7 21. Bh3 e5
22. Bxc8 Rbxc8 23. fxe5 Bxe5 24. Qe2 Qb7 25. Kg2 Qd7 26. Bg1 Qe6 27. b3 Rxf1
28. Rxf1 Bxg3 29. Kxg3 Nf5+ 30. Kg2 Qe5 31. Bf2 Ng7 32. Qd2 Nh5 33. Be1 Rc5 34.
Bh4 Qe6 35. Qe2 Qc8 36. c4 dxc3 37. Qf3 Rc7 38. Re1 Rf7 39. Qd1 Nf4+ 40. Kg1
Qh3 0-1